| Tag |
First Indicator |
Second Indicator |
Subfields |
| LEADER |
00000cam a2200000 a 4500 |
| 001 |
in00001403410 |
| 005 |
20151020055515.0 |
| 008 |
970918s1996 fr a b i000 0 eng c |
| 010 |
|
|
|a 97212352
|
| 020 |
|
|
|a 9280311603 (UNESCO : limp-bound ed.)
|
| 020 |
|
|
|a 0080427898 (Pergamon : hard-back ed.)
|
| 035 |
|
|
|a (OCoLC)37645941
|
| 035 |
|
|
|9 AHN4649AM
|
| 040 |
|
|
|a MdU
|c UMC
|d DLC
|d TXA
|d UtOrBLW
|
| 042 |
|
|
|a pcc
|
| 043 |
|
|
|a d------
|
| 049 |
|
|
|a TXAM
|
| 050 |
0 |
0 |
|a Q183.4.D44
|b C35 1996
|
| 082 |
0 |
0 |
|a 507/.1/21724
|2 21
|
| 100 |
1 |
|
|a Caillods, Françoise.
|
| 245 |
1 |
0 |
|a Science education and development :
|b planning and policy issues at secondary level /
|c by Françoise Caillods, Gabriele Gẗtelmann-Duret, Keith Lewin.
|
| 264 |
|
1 |
|a Paris : Unesco, International Institute for Educational Planning ;
|a Oxford, U.K. :
|b Pergamon,
|c [1996]
|
| 264 |
|
4 |
|c ©1996
|
| 300 |
|
|
|a xii, 242 pages :
|b illustrations ;
|c 24 cm.
|
| 336 |
|
|
|a text
|b txt
|2 rdacontent
|
| 337 |
|
|
|a unmediated
|b n
|2 rdamedia
|
| 338 |
|
|
|a volume
|b nc
|2 rdacarrier
|
| 504 |
|
|
|a Includes bibliographical references (pages 231-242).
|
| 650 |
|
0 |
|a Science
|x Study and teaching (Secondary)
|z Developing countries.
|
| 650 |
|
0 |
|a Educational planning
|z Developing countries.
|
| 650 |
|
0 |
|a Education and state
|z Developing countries.
|
| 700 |
1 |
|
|a Göttelmann-Duret, Gabriele.
|
| 700 |
1 |
|
|a Lewin, Keith.
|
| 710 |
2 |
|
|a International Institute for Educational Planning.
|
| 948 |
|
|
|a c:jal
|
| 999 |
|
|
|a MARS
|
| 999 |
f |
f |
|s d647ecf8-be08-3246-8207-d2d60d198cb4
|i 5f869ec1-7661-306f-a8c2-21a13b736483
|t 0
|
| 952 |
f |
f |
|p ric
|a Texas A&M University
|b Rellis Campus
|c Joint Library Facility
|d Remote Storage
|t 0
|e Q183.4.D44 C35 1996
|h Library of Congress classification
|i unmediated -- volume
|m A14822524784
|
| 998 |
f |
f |
|a Q183.4.D44 C35 1996
|t 0
|l Remote Storage
|